Wird geladen...
Real book of famous battles /
| 1. Verfasser: | |
|---|---|
| Format: | Printed Book |
| Sprache: | English |
| Veröffentlicht: |
London :
Real Books,
1963.
|
| LEADER | 00423nam a2200121Ia 4500 | ||
|---|---|---|---|
| 008 | 150624b xxu||||| |||| 00| 0 eng d | ||
| 082 | |a 904.7 | ||
| 100 | |a Reinfeld, Fred | ||
| 245 | |a Real book of famous battles / |c Fred Reinfeld | ||
| 260 | |a London : |b Real Books, |c 1963. | ||
| 942 | |c BK | ||
| 999 | |c 60185 |d 60185 | ||
| 952 | |0 0 |1 0 |4 0 |6 904_700000000000000_REI_R |7 0 |9 60162 |a UL |b UL |c SEC |d 2012-10-27 |l 0 |o 904.7 REI/R |p D1208 |r 2012-10-27 |w 2012-10-27 |y BK | ||